The Hindenburg disaster / (Record no. 710)

MARC details
000 -LEADER
fixed length control field 01269nam a22003257a 4500
005 - DATE AND TIME OF LATEST TRANSACTION
control field 20230704145339.0
020 ## - INTERNATIONAL STANDARD BOOK NUMBER
International Standard Book Number 9780531206263 (lib. bdg.)
020 ## - INTERNATIONAL STANDARD BOOK NUMBER
International Standard Book Number 0531206262 (lib. bdg.)
020 ## - INTERNATIONAL STANDARD BOOK NUMBER
International Standard Book Number 9780531290255 (pbk.)
020 ## - INTERNATIONAL STANDARD BOOK NUMBER
International Standard Book Number 0531290255 (pbk.)
040 ## - CATALOGING SOURCE
Original cataloging agency DLC
Transcribing agency DLC
Modifying agency DLC
Language of cataloging eng
050 00 - LIBRARY OF CONGRESS CALL NUMBER
Classification number TL659.H5
Item number B46 2011
082 00 - DEWEY DECIMAL CLASSIFICATION NUMBER
Classification number 363.12/4
Edition number 22
100 1# - MAIN ENTRY--PERSONAL NAME
Personal name Benoit, Peter,
Dates associated with a name 1955-
245 14 - TITLE STATEMENT
Title The Hindenburg disaster /
Statement of responsibility, etc. Peter Benoit.
260 ## - PUBLICATION, DISTRIBUTION, ETC.
Place of publication, distribution, etc. New York :
Name of publisher, distributor, etc. Scholastic,
Date of publication, distribution, etc. 2011.
300 ## - PHYSICAL DESCRIPTION
Extent 48 pages :
Other physical details illustrations (some color), color map ;
Dimensions 22 cm.
490 0# - SERIES STATEMENT
Series statement A true book
505 0# - FORMATTED CONTENTS NOTE
Formatted contents note U <br/>
520 ## - SUMMARY, ETC.
Summary, etc. Describes the crash of the Hindenburg airship in 1937, relaying the history of international airship flight and the events leading to the disaster, and explains what measures have been taken to make airship travel safer.
521 ## - TARGET AUDIENCE NOTE
Target audience note 830 <br/>
Source Lexile <br/>
521 ## - TARGET AUDIENCE NOTE
Target audience note U <br/>
Source Raz-Plus <br/>
650 #0 - SUBJECT ADDED ENTRY--TOPICAL TERM
Topical term or geographic name entry element Aircraft accidents
Geographic subdivision New Jersey
General subdivision History
Chronological subdivision 20th century
Form subdivision Juvenile literature.
650 #0 - SUBJECT ADDED ENTRY--TOPICAL TERM
Topical term or geographic name entry element Airships
General subdivision History
Form subdivision Juvenile literature.
650 #0 - SUBJECT ADDED ENTRY--TOPICAL TERM
Topical term or geographic name entry element Airships
Geographic subdivision Germany
General subdivision History
Form subdivision Juvenile literature.
906 ## - LOCAL DATA ELEMENT F, LDF (RLIN)
a 7
b cbc
c orignew
d 1
e ecip
f 20
g y-gencatlg
942 ## - ADDED ENTRY ELEMENTS (KOHA)
Source of classification or shelving scheme Dewey Decimal Classification
Koha item type Books
Suppress in OPAC No
999 ## -
-- 710
-- 710
Holdings
Withdrawn status Lost status Source of classification or shelving scheme Damaged status Not for loan Collection Home library Current library Shelving location Date acquired Total Checkouts Full call number Barcode Date last seen Date last checked out Price effective from Koha item type
    Dewey Decimal Classification     Non-Fiction Footprints International School Library Network Toul Kork Campus Footprints International School Library Network Toul Kork Campus A TK Campus, 4th Floor, Room B401, Non-Fiction Bookcases(7-8) 07/03/2023 2 BEN 363.12 TL659.H5 FISTK04783 10/18/2023 10/05/2023 07/03/2023 Books